| 000 | 00864nam a2200241 a 4500 | ||
|---|---|---|---|
| 001 | 000552754 | ||
| 003 | AM-YeHGA | ||
| 005 | 20250617140108.0 | ||
| 008 | 910611s1984 enka 100 0 eng d | ||
| 020 | _a0444868763 | ||
| 040 | _aAM-YeHGA | ||
| 111 | 2 |
_aLogic Colloquium '82 _c(Florence) |
|
| 245 | 1 | 0 |
_aLogic Colloquium '82 : _bProceedings of the colloquium held in Florence, 23-28 August, 1982 / _cEd. by G. Lolli, G. Longo and A. Marcja. |
| 260 |
_aAmsterdam ; _aOxford : _bNorth-Holland, _c1984. |
||
| 300 |
_aviii, 358 p : _bill ; _c24 cm. |
||
| 440 | 0 |
_aStudies in logic and the foundations of mathematics _vVol. 112 |
|
| 504 | _aIncludes bibliogr. references | ||
| 650 | 0 | _aLogic, Symbolic and mathematical | |
| 700 | 1 |
_aLolli, Gabriele, _d1942- _4edt |
|
| 700 | 1 |
_aLongo, Giuseppe, _d1929- _4edt |
|
| 700 | 1 |
_aMarcja, Annalisa _4edt |
|
| 090 | _c214819 | ||
| 999 |
_c213304 _d213304 |
||